Normal view
MARC view
- Krishnenthu Salilan
Entry Personal Name
001 - CONTROL NUMBER
- control field: 4995
003 - CONTROL NUMBER IDENTIFIER
- control field: OSt
005 - DATE AND TIME OF LATEST TRANSACTION
- control field: 20210907121655.0
008 - FIXED-LENGTH DATA ELEMENTS
- fixed length control field: 210907|| aca||aabn | a|a d
040 ## - CATALOGING SOURCE
- Original cataloging agency: OSt
- Transcribing agency: OSt
100 ## - HEADING--PERSONAL NAME
- Personal name: Krishnenthu Salilan
670 ## - SOURCE DATA FOUND
- Source citation: Work cat.: (OSt)17393: Ganga A 4936, Optimization of Microwave assisted pectin Extraction from Passion fruit peel, 2020
